Desserts from 'G' - Statistics

General Stats
  • This quiz has been taken 31 times
  • The average score is 2 of 16
Answer Stats
Picture Answer % Correct
Gelato
88%
German Chocolate Cake
20%
Granita
20%
Genoise
12%
Gulab Jamun
12%
Gateau Basque
8%
Gaz
8%
Gugelhupf
8%
Galaktoboureko
4%
Gizzada
4%
Goiabada
0%
Gotterspeise
0%
Gozinaki
0%
Gujiya
0%
Gullac
0%
Guriev Porridge
0%
No matching quizzes found
Score Distribution
Percent of People with Each Score
Percentile by Number Answered
Your Score History
You have not taken this quiz